Top 30 Rap Albums of All Time - Statistics

General Stats
  • This quiz has been taken 285 times
  • The average score is 18 of 30
Answer Stats
Rank Year Artist Answer % Correct
28. 2007 Kanye West Graduation
93%
1. 1994 Nas Illmatic
92%
5. 2015 Kendrick Lamar To Pimp a Butterfly
88%
12. 2012 Kendrick Lamar good kid, m.A.A.d. city
85%
23. 2004 Kanye West The College Dropout
84%
25. 2003 50 Cent Get Rich or Die Tryin'
81%
20. 1999 Dr. Dre 2001
79%
9. 2010 Kanye West My Beautiful Dark Twisted Fantasy
79%
24. 1993 Snoop Dogg Doggystyle
76%
7. 1992 Dr. Dre The Chronic
76%
2. 2000 Eminem The Marshall Mathers LP
75%
3. 1994 The Notorious B.I.G. Ready to Die
74%
10. 2002 Eminem The Eminem Show
72%
22. 1999 Eminem The Slim Shady LP
72%
6. 1996 2pac All Eyez on Me
71%
8. 1988 N.W.A. Straight Outta Compton
69%
19. 2004 Madvillain Madvillainy
67%
11. 1997 The Notorious B.I.G. Life After Death
59%
29. 1996 Nas It Was Written
52%
15. 1996 Jay-Z Reasonable Doubt
50%
30. 1995 Mobb Deep The Infamous
50%
16. 1991 A Tribe Called Quest The Low End Theory
49%
4. 1993 Wu-Tang Clan Enter the Wu-Tang (36 Chambers)
46%
17. 1995 GZA Liquid Swords
43%
13. 1995 2pac Me Against the World
39%
18. 1987 Eric B. & Rakim Paid in Full
31%
14. 1988 Public Enemy It Takes a Nation of Millions to Hold us Back
25%
26. 1986 Beastie Boys Licensed to Ill
18%
21. 1986 Run DMC Raising Hell
11%
27. 2003 Immortal Technique Revolutionary Vol. 2
7%
No matching quizzes found
Score Distribution
Percent of People with Each Score
Percentile by Number Answered
Your Score History
You have not taken this quiz